000 00944aam a2200277 a 4500
999 _c322650
_d322650
003 BLK
005 20250404101855.0
008 181012b bu ||||| |||| 00| 0 bu d
020 _a978-954-28-2571-5
040 _aBLK
041 _aBUL
_cBUL
080 _aБиографии
_b929
_z929
100 _aНиколов, Григор
_9248627
_eпърви автор
_gИлиев, Григор Николов
139 _aНиколов, Григор
_bН 72
245 _aПисатели и други български омайници
_cГригор Николов
260 _bСиела
_c2018
_aСофия
300 _a404 с.
_bс ил., портр., факс.
_c23 см
380 _a9
490 _9203750
_aHistoria incognita
650 7 _9168244
_aПрочути личности
653 7 _9193792
_aписатели
653 7 _9193174
_aочерци
942 _cKNG
_2udc
_n0
_07
999 _d322650
999 _d322650
944 _k30531
_lЦветелина Шанова